000 00358nam a22001697a 4500
005 20260311091709.0
020 _a9781260454314
041 _aEnglish
082 _a530 R20 BRU
100 _aBruhn Chris
245 _aHigh School Physics
250 _a01
260 _aNew York
_bMcGraw Hill
_c2020
300 _a590
365 _b1000.00
942 _cBK
999 _c176975
_d176975